00951naa a22002417a 4500001001000000003000900010005001700019007000300036008003400039040005400073041000900127072001900136100001900155111008000174245006100254260003700315500014200352650001800494650002700512650001000539650002000549773014000569BR9209987BR-BrBNA20240918181623.0ta230509b bl.||||| |||| 00| 0 por d aBR-BrBNAbporcBiblioteca Nacional de Agricultura a(Pt) aL10; E70b52131 aMartinez, R.H.1 a2. Encontro sobre Pecuaria de CortecSao Paulo, SP (Brazil)d25-27 Jun 19851 aPapel da inseminacao artificial no melhoramento genetico3 aSao Paulo, SP (Brasil): c1985.  aMoura, J.C. de; Savastano, S.(eds.) Anais do 2. Encontro sobre Pecuaria de Corte Sao Paulo, SP (Brasil): 1985. p. 1-11 (BR9209987-AM)L10  aGado de Corte aInseminacao Artificial aSemen aComercializacao0 tAnais do 2. Encontro sobre Pecuaria de CorteaMoura, J.C. de; Savastano, S.(eds.)wL10 BR9209987gSao Paulo, SP (Brasil), 1985. p. 1-11